Statistiken für Größte Städte von Rheinland-Pfalz

Klicken Sie hier um das Quiz zu spielen!

Allgemein

  • Dieses Quiz wurde 31 mal gespielt
  • Das Durchschnittsergebnis liegt bei 8 aus 10

Antwortstatistiken

EinwohnerStadt% Korrekt
115.268Koblenz
100%
220.552Mainz
100%
112.195Trier
100%
174.265Ludwigshafen
93%
101.228Kaiserslautern
83%
84.646Worms
80%
51.368Speyer
70%
52.529Bad Kreuznach
60%
65.986Neuwied
60%
53.981Neustadt
50%

Verteilung der Resultate

Perzentil nach korrekt beantworteten Fragen

Anzahl Personen mit jedem Resultat

Ihre Resultats-Entwicklung

Sie haben dieses Quiz noch nicht gespielt